La materia artizada (críticas de arte) /
محفوظ في:
| المؤلف الرئيسي: | |
|---|---|
| مؤلفون آخرون: | |
| التنسيق: | غير معروف |
| اللغة: | Spanish |
| منشور في: |
Madrid, España :
Tecnos,
1996.
|
| سلاسل: | (Colección Metropoli)
|
| الموضوعات: | |
| الوسوم: |
إضافة وسم
لا توجد وسوم, كن أول من يضع وسما على هذه التسجيلة!
|
MARC
| LEADER | 000000000a22000000004500 | ||
|---|---|---|---|
| 001 | 001927 | ||
| 020 | |a 8430927816 | ||
| 041 | 0 | |a spa | |
| 082 | 0 | 4 | |a 759.729.1 |b L686m |
| 100 | 1 | |a Lezama Lima, José, |d 1910-1976 | |
| 245 | 1 | 3 | |a La materia artizada (críticas de arte) / |c José Lezama Lima ; José Prats Sariol, compilador |
| 260 | 1 | |a Madrid, España : |b Tecnos, |c 1996. | |
| 300 | |a 300 páginas ; |c 14x21 cm. | ||
| 490 | 1 | |a (Colección Metropoli) | |
| 650 | 4 | |a PINTURA CUBANA | |
| 650 | 4 | |a CRISTICISMO EN EL ARTE | |
| 700 | 1 | |a Prats Sariol, José, |e compilador | |
| 999 | |c 8572 |d 8572 | ||
| 942 | |c BK |h 759.729.1 L686m |2 z | ||



